Materials in world perspective (Record no. 50609)
[ view plain ]
| 000 -LEADER | |
|---|---|
| fixed length control field | 00630nam a2200169 a 4500 |
| 008 - FIXED-LENGTH DATA ELEMENTS--GENERAL INFORMATION | |
| fixed length control field | 120416s0000 ||||||||||||||||| || u |
| 020 ## - INTERNATIONAL STANDARD BOOK NUMBER | |
| International Standard Book Number | 0387100377 |
| 050 ## - LIBRARY OF CONGRESS CALL NUMBER | |
| Classification number | TA 403 Alt |
| 100 ## - MAIN ENTRY--PERSONAL NAME | |
| Personal name | Altenpohl, D. G |
| 245 10 - TITLE STATEMENT | |
| Title | Materials in world perspective |
| 246 ## - VARYING FORM OF TITLE | |
| Title proper/short title | assessment of resources, technologies and trends for key materials industries |
| 260 ## - PUBLICATION, DISTRIBUTION, ETC. | |
| Place of publication, distribution, etc. | New York |
| Name of publisher, distributor, etc. | Springer-Verlag |
| Date of publication, distribution, etc. | 1980 |
| 300 ## - PHYSICAL DESCRIPTION | |
| Extent | xv, 220p. : ill. |
| 350 ## - PRICE (NR) (BK AM CF MU VM SE) [OBSOLETE] | |
| Price | 0.00 |
| 700 ## - ADDED ENTRY--PERSONAL NAME | |
| Personal name | Daugherty, T. S |
| 995 ## - RECOMMENDATION 995 [LOCAL, UNIMARC FRANCE] | |
| -- | 0.00 |
| -- | CBU-MAIN LIBRARY (Kitwe) |
| -- | 1 |
| -- | 72.00 |
| -- | 1 |
| -- | AVAILABLE |
| -- | Annex Low-Usage Collection |
| Withdrawn status | Lost status | Source of classification or shelving scheme | Damaged status | Not for loan | Home library | Current library | Shelving location | Date acquired | Total Checkouts | Full call number | Barcode | Date last seen | Price effective from | Koha item type |
|---|---|---|---|---|---|---|---|---|---|---|---|---|---|---|
| CBU-MAIN LIBRARY, KITWE. | CBU-MAIN LIBRARY, KITWE. | 11/30/2022 | TA 403 Alt | 014147 | 11/30/2022 | 11/30/2022 | MONOGRAPH |